000
00312nam a2200121Ia 4500
008
220217s9999 xx 000 0 und d
245
0
_a
Brush, rubber squeezer, with handle- Specification.
260
_c
1992
500
_a
Standard number: IS 13348
650
_a
Brush
650
_a
Rubber squeezer
942
_c
ST
999
_c
73542
_d
73542